Marketing a řízení prodeje: Principy marketingu. 2

Princípy a prístupy k marketingu. Popredajný servis (after sale servis) - spôsob, akým sú výrobok alebo služby podporované. Marketing mix (trhový mix) - kombinácia šiestich faktorov. Riadenie predaja. Štruktúra oddelenia predaja. Predajný cyklus. Rozdelenie teritórií. Predajný rozpočet.

Guardado en:
Detalles Bibliográficos
Autor principal: Boulden, G.P
Otros Autores: Šafaříková, V.
Formato: Capítulo de libro
Lenguaje:checo
Materias:
Etiquetas: Agregar Etiqueta
Sin Etiquetas, Sea el primero en etiquetar este registro!

MARC

LEADER 00000naa a2200000 4500
001 r026068
005 20230908093503.2
041 0 |a cze 
044 |a CZ 
245 1 0 |a Marketing a řízení prodeje: Principy marketingu. 2  |c G.P. Boulden, V. Šafaříková 
520 |a Princípy a prístupy k marketingu. Popredajný servis (after sale servis) - spôsob, akým sú výrobok alebo služby podporované. Marketing mix (trhový mix) - kombinácia šiestich faktorov. Riadenie predaja. Štruktúra oddelenia predaja. Predajný cyklus. Rozdelenie teritórií. Predajný rozpočet. 
610 2 0 |a marketing 
610 2 0 |a predaj 
610 2 0 |a servis 
610 2 0 |a marketing mix 
610 2 0 |a marketing manažment 
100 1 |a Boulden, G.P. 
700 1 |a Šafaříková, V.